Largest countries that have not hosted FIFA World Cup or Olympics(Summer or winter) - Statistics

General Stats
  • This quiz has been taken 105 times
  • The average score is 11 of 15
Answer Stats
Answer % Correct
India
89%
Algeria
85%
Kazakhstan
84%
DR Congo
83%
Indonesia
79%
Saudi Arabia
79%
Mongolia
76%
Sudan
76%
Iran
75%
Niger
74%
Chad
73%
Peru
65%
Mali
64%
Libya
62%
Angola
54%
No matching quizzes found
Score Distribution
Percent of People with Each Score
Percentile by Number Answered
Your Score History
You have not taken this quiz